| 000 | 00473nam a2200193 a 4500 | ||
|---|---|---|---|
| 001 | 1766046743637 | ||
| 003 | YourLibrary | ||
| 005 | 20251222113204.0 | ||
| 008 | 251218s2007##################000#0#eng## | ||
| 020 | _a9780385509350 | ||
| 082 | 0 | 4 |
_a230.2 _bHAH |
| 100 | 1 |
_aHahn, Scott, _eauthor. |
|
| 245 | 1 | 0 | _aReasons to Believe : |
| 260 |
_bImage, _c2007. |
||
| 300 | _a250 pages | ||
| 650 | 0 | _aReligion. | |
| 942 | _cENGLISH | ||
| 040 |
_aYourLibrary _beng _cYourLibrary |
||
| 999 |
_c603906 _d603906 |
||